Đại số 10 nâng cao

Sách bao gồm các vấn đề như: mệnh đề - tập hợp, hàm số bậc nhất và bậc hai, phương trình và hệ phương trình, bất đẳng thức và bất phương trình, thống kê và lượng giác. Trong mỗi vấn đề có mục tiêu chung, cấu tạo chương và những...

תיאור מלא

שמור ב:
מידע ביבליוגרפי
מחבר ראשי: Đoàn, Quỳnh
פורמט: ספר
שפה:Undetermined
יצא לאור: Hà Nội Giáo dục Việt Nam 2016
נושאים:
תגים: הוספת תג
אין תגיות, היה/י הראשונ/ה לתייג את הרשומה!
Thư viện lưu trữ: Trung tâm Học liệu Trường Đại học Cần Thơ
LEADER 01201nam a2200241Ia 4500
001 CTU_217103
008 210402s9999 xx 000 0 und d
020 |c 11000 
082 |a 512.00712 
082 |b Qu609 
100 |a Đoàn, Quỳnh 
245 0 |a Đại số 10 nâng cao 
245 0 |c Đoàn Quỳnh (Tổng chủ biên) 
260 |a Hà Nội 
260 |b Giáo dục Việt Nam 
260 |c 2016 
520 |a Sách bao gồm các vấn đề như: mệnh đề - tập hợp, hàm số bậc nhất và bậc hai, phương trình và hệ phương trình, bất đẳng thức và bất phương trình, thống kê và lượng giác. Trong mỗi vấn đề có mục tiêu chung, cấu tạo chương và những điều cần lưu ý, nội dung chi tiết giúp hệ thống lại kiến thức sau mỗi bài học. 
526 |a Tập giảng Toán 
526 |b SG158 
650 |a Algebra,Đại số 
650 |x Study and teaching (Secondary),Dạy và học (Trung học) 
904 |i Hải 
980 |a Trung tâm Học liệu Trường Đại học Cần Thơ